| 000 | 00807nam a2200265 a 4500 | ||
|---|---|---|---|
| 001 | 14221 | ||
| 003 | BD-RjUL | ||
| 005 | 20211208235606.0 | ||
| 008 | 161006t1974 ne a b 101 0 eng | ||
| 020 | _a0444106022 (American Elsevier) | ||
| 035 | _a(BD-RjUL)14273 | ||
| 040 |
_aDLC _cDLC _dDLC _dBD-RjUL _beng |
||
| 041 | _aeng | ||
| 082 | 0 | 0 |
_a632.7 _223 _bUSE 1974 |
| 245 | 0 | 4 |
_aThe Use of genetics in insect control / _cEd. R. Pal and M. J. Whitten. |
| 260 |
_aAmsterdam ; _aNew York : _bElsevier; North-Holland Pub. Co., _c1974. |
||
| 300 |
_axiii, 241 p. : _billus. ; _c25 cm. |
||
| 350 | _afl83.20 | ||
| 500 | _aIncludes index. | ||
| 650 | 0 |
_aInsect pests _944417 |
|
| 650 | 0 |
_aInsects _xGenetics _944418 |
|
| 700 | 1 |
_aPal, R., _eed. _944419 |
|
| 700 | 1 |
_aWhitten, M. J., _eed. _944420 |
|
| 942 |
_2ddc _cBK |
||
| 999 |
_c14221 _d14221 |
||